[Event "Chigorin Memorial 2018"]
[Site "St. Petersburg"]
[Date "2018.10.31"]
[Round "5.50"]
[White "Brikov, Illarion"]
[Black "Kochukova, Anna"]
[Result "1/2-1/2"]
[WhiteElo "2371"]
[BlackElo "2121"]
[PlyCount "82"]
[EventDate "2018.10.27"]
[EventType "swiss"]
[EventCountry "RUS"]
[WhiteTeam "Russland"]
[BlackTeam "Russland"]
[WhiteTeamCountry "RUS"]
[BlackTeamCountry "RUS"]

1. d4 d5 2. c4 dxc4 3. e3 a6 4. Bxc4 Nf6 5. Nf3 e6 6. O-O c5 7. dxc5 Qxd1 8. Rxd1 Bxc5 9. Be2 b6 10. Ne5 Bb7 11. Nc3 Nc6 12. Nc4 b5 13. Nd6+ Bxd6 14. Rxd6 Ke7 15. Rd1 Rhd8 16. Bd2 Ne5 17. Be1 Rxd1 18. Rxd1 Rd8 19. Rxd8 Kxd8 20. f3 Nfd7 21. Nd1 Kc7 22. Bc3 f6 23. b3 Kd6 24. Nb2 Nc6 25. Nd3 e5 26. Kf2 Nc5 27. h4 Bc8 28. Nb4 Bf5 29. Nxc6 Kxc6 30. Bb4 Bb1 31. Bxc5 Kxc5 32. a3 a5 33. Bd1 f5 34. g3 Kd5 35. Ke2 e4 36. f4 b4 37. axb4 axb4 38. Kd2 Bd3 39. h5 h6 40. Ke1 Ke6 41. Kf2 Kf6 1/2-1/2

[Event "Chigorin Memorial 2018"]
[Site "St. Petersburg"]
[Date "2018.10.31"]
[Round "5.51"]
[White "Vdovin, Vadim"]
[Black "Semenenko, Sergey"]
[Result "1-0"]
[WhiteElo "2369"]
[BlackElo "2157"]
[PlyCount "51"]
[EventDate "2018.10.27"]
[EventType "swiss"]
[EventCountry "RUS"]
[WhiteTeam "Russland"]
[BlackTeam "Russland"]
[WhiteTeamCountry "RUS"]
[BlackTeamCountry "RUS"]

1. e4 c5 2. Nf3 d6 3. d4 cxd4 4. Nxd4 Nf6 5. Nc3 a6 6. Be2 e5 7. Nb3 Be6 8. f4 Qc7 9. g4 h6 10. g5 hxg5 11. fxg5 Nfd7 12. Bg4 Bxg4 13. Qxg4 Nb6 14. g6 f6 15. Be3 N8d7 16. Qe6+ Kd8 17. O-O-O Rc8 18. Kb1 Qc4 19. Qf5 Na4 20. Nxa4 Qxa4 21. h4 Rc4 22. h5 Rxe4 23. Bc1 Rh4 24. Rxh4 Qxh4 25. h6 gxh6 26. g7 1-0

[Event "Chigorin Memorial 2018"]
[Site "St. Petersburg"]
[Date "2018.10.31"]
[Round "5.52"]
[White "Vunder, Andrey"]
[Black "Sattarov, Bobir"]
[Result "0-1"]
[WhiteElo "2162"]
[BlackElo "2339"]
[PlyCount "96"]
[EventDate "2018.10.27"]
[EventType "swiss"]
[EventCountry "RUS"]
[WhiteTeam "Russland"]
[BlackTeam "Usbekistan"]
[WhiteTeamCountry "RUS"]
[BlackTeamCountry "UZB"]

1. d4 c5 2. e3 g6 3. Nf3 Bg7 4. Be2 Nf6 5. O-O O-O 6. c4 b6 7. Nc3 Bb7 8. d5 d6 9. e4 Nbd7 10. h3 Ne5 11. Nxe5 dxe5 12. Be3 Ne8 13. a3 f5 14. f3 Nd6 15. b4 Rc8 16. bxc5 Rxc5 17. Bxc5 bxc5 18. Bd3 Bh6 19. Qe1 Ba6 20. Nb5 Bxb5 21. cxb5 c4 22. Bc2 fxe4 23. Bxe4 Nxb5 24. Kh1 Qc7 25. Qh4 Be3 26. Qg4 Kg7 27. Ra2 Rf4 28. Qe6 Nc3 29. Raa1 Rf6 30. Qg4 Nb5 31. a4 Nd4 32. Rab1 c3 33. d6 Qxd6 34. Qc8 Ne2 35. Rfe1 Ng3+ 36. Kh2 Bf4 37. Bc2 Qd2 38. Bb3 Ne4+ 39. Kh1 Nf2+ 40. Kg1 Nd3 41. Rf1 e4 42. fxe4 Qe3+ 43. Kh1 Qg3 44. Rxf4 Rxf4 45. Qxc3+ Kh6 46. Qc8 Ne1 47. Rxe1 Qxe1+ 48. Kh2 Rf1 0-1

[Event "Chigorin Memorial 2018"]
[Site "St. Petersburg"]
[Date "2018.10.31"]
[Round "5.53"]
[White "Postnikov, Roman"]
[Black "Karasev, Vladimir I"]
[Result "0-1"]
[WhiteElo "2158"]
[BlackElo "2338"]
[PlyCount "82"]
[EventDate "2018.10.27"]
[EventType "swiss"]
[EventCountry "RUS"]
[WhiteTeam "Russland"]
[BlackTeam "Russland"]
[WhiteTeamCountry "RUS"]
[BlackTeamCountry "RUS"]

1. d4 Nf6 2. c4 d6 3. Nf3 c6 4. Nc3 Bg4 5. e4 Nbd7 6. Be2 e5 7. d5 Nc5 8. O-O Be7 9. Nd2 Bxe2 10. Qxe2 a5 11. b3 O-O 12. a3 Nfd7 13. Rb1 Bg5 14. Nf3 Bxc1 15. Rfxc1 a4 16. b4 Nb3 17. Rd1 c5 18. Nxa4 Nd4 19. Nxd4 exd4 20. Qc2 b6 21. bxc5 bxc5 22. Rb7 Ne5 23. Qb3 Qa5 24. Nb2 Qxa3 25. Qxa3 Rxa3 26. f4 Ng4 27. h3 Ne3 28. Rd2 Ra1+ 29. Kf2 Rf1+ 30. Kg3 Rb1 31. Rd3 Nxc4 32. Nxc4 Rxb7 33. Nxd6 Rb6 34. e5 Rfb8 35. Rd1 Rb1 36. Rxb1 Rxb1 37. f5 d3 38. Nc4 Rb4 39. e6 fxe6 40. dxe6 Rxc4 41. e7 Re4 0-1

[Event "Chigorin Memorial 2018"]
[Site "St. Petersburg"]
[Date "2018.10.31"]
[Round "5.54"]
[White "Arbuzov, Mikhail"]
[Black "Yeritsyan, Aram"]
[Result "0-1"]
[WhiteElo "2146"]
[BlackElo "2325"]
[PlyCount "78"]
[EventDate "2018.10.27"]
[EventType "swiss"]
[EventCountry "RUS"]
[WhiteTeam "Russland"]
[BlackTeam "Russland"]
[WhiteTeamCountry "RUS"]
[BlackTeamCountry "RUS"]

1. d4 Nf6 2. c4 e6 3. Nc3 Bb4 4. e3 d5 5. Bd3 e5 6. dxe5 dxc4 7. Qa4+ Nc6 8. Bxc4 Ne4 9. Nge2 Nc5 10. Qc2 Nxe5 11. b3 Nxc4 12. bxc4 Qd3 13. Qxd3 Nxd3+ 14. Kf1 Be6 15. Nd5 O-O-O 16. e4 c6 17. Nef4 Nxf4 18. Bxf4 Bd6 19. Bxd6 Rxd6 20. e5 Rd7 21. Ne3 Rd2 22. g4 h5 23. h4 hxg4 24. Kg2 Rhd8 25. Kg3 R8d4 26. Rhe1 Re4 27. Red1 Rxd1 28. Rxd1 Rxe5 29. Nxg4 Bxg4 30. Kxg4 Re4+ 31. f4 Rxc4 32. Re1 Rd4 33. Re7 Rd7 34. Re8+ Kc7 35. Rg8 c5 36. Kf5 f6 37. Re8 c4 38. h5 b5 39. Re3 Kc6 0-1

[Event "Chigorin Memorial 2018"]
[Site "St. Petersburg"]
[Date "2018.10.31"]
[Round "5.55"]
[White "Sinitsina, Anastassia"]
[Black "Oglaza, Oskar"]
[Result "0-1"]
[WhiteElo "2130"]
[BlackElo "2310"]
[PlyCount "90"]
[EventDate "2018.10.27"]
[EventType "swiss"]
[EventCountry "RUS"]
[WhiteTeam "Estland"]
[BlackTeam "Polen"]
[WhiteTeamCountry "EST"]
[BlackTeamCountry "POL"]

1. e4 c5 2. Ne2 Nc6 3. d4 cxd4 4. Nxd4 e6 5. Nc3 Qc7 6. Be3 a6 7. Qd2 Nf6 8. O-O-O Be7 9. f3 b5 10. g4 Nxd4 11. Bxd4 b4 12. Ne2 Bb7 13. Ng3 O-O 14. Kb1 a5 15. Bd3 a4 16. Rhg1 d5 17. e5 Nd7 18. f4 Bc5 19. Bxc5 Qxc5 20. g5 Ba6 21. Bxa6 Rxa6 22. Qd4 Qc7 23. Rg2 Rc8 24. Qxb4 Rb8 25. Qd4 Nb6 26. b3 Nc4 27. Rd3 axb3 28. cxb3 Na3+ 29. Kb2 Nb5 30. Qb4 Rc8 31. Qd2 Qc5 32. a4 Qa3+ 33. Kb1 Rxa4 34. bxa4 Nc3+ 35. Rxc3 Rxc3 36. f5 Rb3+ 37. Qb2 exf5 38. Nxf5 g6 39. Nh6+ Kf8 40. Rf2 Rxb2+ 41. Rxb2 Qxa4 42. Rb8+ Ke7 43. Rb7+ Ke6 44. Nxf7 d4 45. Kc1 Qa1+ 0-1

[Event "Chigorin Memorial 2018"]
[Site "St. Petersburg"]
[Date "2018.10.31"]
[Round "5.56"]
[White "Korennoi, Viktor"]
[Black "Zhuravlev, Stepan"]
[Result "0-1"]
[WhiteElo "2306"]
[BlackElo "2114"]
[PlyCount "120"]
[EventDate "2018.10.27"]
[EventType "swiss"]
[EventCountry "RUS"]
[WhiteTeam "Russland"]
[BlackTeam "Russland"]
[WhiteTeamCountry "RUS"]
[BlackTeamCountry "RUS"]

1. d4 d5 2. c4 e6 3. Nc3 Nf6 4. cxd5 exd5 5. Bg5 c6 6. e3 Be7 7. Bd3 Nbd7 8. Qc2 Nh5 9. Bxe7 Qxe7 10. O-O-O Nb6 11. h3 g6 12. Nf3 Bd7 13. Kb1 O-O-O 14. Na4 Nxa4 15. Qxa4 Kb8 16. Rc1 Rhe8 17. Rc3 c5 18. Bb5 c4 19. b3 Bxb5 20. Qxb5 Rd6 21. Ka1 a6 22. Qb4 Rc6 23. Qa5 Qc7 24. Qxc7+ Rxc7 25. bxc4 dxc4 26. Rb1 Nf6 27. Nd2 Ne4 28. Nxe4 Rxe4 29. a4 f5 30. f3 Re8 31. Rb4 Rce7 32. Rbxc4 Rxe3 33. Rxe3 Rxe3 34. Kb2 Re7 35. Kc3 b6 36. Kd3 Kb7 37. d5 Rc7 38. Rh4 b5 39. axb5 axb5 40. g4 fxg4 41. fxg4 Kb6 42. d6 Rb7 43. Rh6 Kc6 44. h4 b4 45. Kc2 Kxd6 46. h5 Rg7 47. hxg6 hxg6 48. Rh8 Ke5 49. Rb8 Rc7+ 50. Kd3 Rc3+ 51. Kd2 Rc4 52. Rb5+ Kf4 53. Kd3 Rc3+ 54. Kd2 Rb3 55. g5 Kg4 56. Ke2 Rb1 57. Kf2 b3 58. Kg2 Rb2+ 59. Kf1 Kf4 60. Ke1 Ke3 0-1

[Event "Chigorin Memorial 2018"]
[Site "St. Petersburg"]
[Date "2018.10.31"]
[Round "5.57"]
[White "Abdurakhmanov, Mukhmmadali"]
[Black "Khakimov, Timur"]
[Result "1-0"]
[WhiteElo "2106"]
[BlackElo "2288"]
[PlyCount "113"]
[EventDate "2018.10.27"]
[EventType "swiss"]
[EventCountry "RUS"]
[WhiteTeam "Usbekistan"]
[BlackTeam "Russland"]
[WhiteTeamCountry "UZB"]
[BlackTeamCountry "RUS"]

1. Nf3 c5 2. c4 e6 3. e4 Nc6 4. Nc3 Nf6 5. Be2 d5 6. cxd5 exd5 7. e5 Ne4 8. O-O Be7 9. d4 cxd4 10. Nxd4 Nxe5 11. Bb5+ Kf8 12. Re1 a6 13. Ba4 b5 14. Bc2 Bb7 15. Nxe4 dxe4 16. Bxe4 Bxe4 17. Rxe4 Qd5 18. Qe2 Ng6 19. Qf3 Bf6 20. Bd2 Ne5 21. Rxe5 Qxf3 22. Nxf3 Bxe5 23. Nxe5 f6 24. Bb4+ Ke8 25. Nc6 Rc8 26. Na5 Rc2 27. Bc3 b4 28. Bxb4 Rxb2 29. a3 Kf7 30. Nc4 Rc2 31. Ne3 Rb2 32. Rc1 Rd8 33. h4 Kg6 34. Rc7 h5 35. Ra7 Rc8 36. g3 Ra2 37. Rxa6 Rc1+ 38. Kg2 Rb1 39. Rd6 Rbb2 40. Nd1 Re2 41. Kf3 Rec2 42. Rd3 Kh7 43. Ke4 Kg6 44. Rd7 Re2+ 45. Kf3 Re8 46. Nc3 Rb2 47. Nd5 Rb3+ 48. Kg2 Rb2 49. a4 Kh6 50. Bc5 Ra2 51. Be3+ Kg6 52. Nf4+ Kf5 53. Rd5+ Kg4 54. Bd2 Ra3 55. a5 g5 56. hxg5 fxg5 57. Nd3 1-0

[Event "Chigorin Memorial 2018"]
[Site "St. Petersburg"]
[Date "2018.10.31"]
[Round "5.58"]
[White "Tencati, Giuseppe"]
[Black "Kiselev, Pavel"]
[Result "1-0"]
[WhiteElo "2095"]
[BlackElo "2278"]
[PlyCount "117"]
[EventDate "2018.10.27"]
[EventType "swiss"]
[EventCountry "RUS"]
[WhiteTeam "Italien"]
[BlackTeam "Russland"]
[WhiteTeamCountry "ITA"]
[BlackTeamCountry "RUS"]

1. e4 c5 2. Nf3 e6 3. d4 cxd4 4. Nxd4 Nc6 5. Nc3 Qc7 6. g3 a6 7. Bg2 Nf6 8. O-O Be7 9. Re1 d6 10. Nxc6 bxc6 11. e5 dxe5 12. Rxe5 Bb7 13. Bf4 Bd6 14. Rxe6+ fxe6 15. Bxd6 Qd7 16. Qd4 O-O-O 17. Rd1 Ne8 18. Ne4 Nxd6 19. Nxd6+ Kb8 20. c4 h5 21. c5 h4 22. Rd3 Ka8 23. Rb3 Rb8 24. Qa4 Ka7 25. Rxb7+ Rxb7 26. Bxc6 Rb4 27. Bxd7 Rxa4 28. Bxa4 h3 29. b4 Rh5 30. f4 Rd5 31. Bb3 Rd4 32. b5 Rd2 33. b6+ Kb8 34. Bxe6 Rg2+ 35. Kh1 Rc2 36. Bxh3 Rxc5 37. Kg2 Rc2+ 38. Kf3 Rxa2 39. Bf1 a5 40. h4 a4 41. Bc4 Rb2 42. h5 a3 43. Nf5 Rxb6 44. Nxg7 Rc6 45. Ba2 Rc2 46. Be6 Rc6 47. f5 Rxe6 48. fxe6 a2 49. e7 a1=Q 50. e8=Q+ Kb7 51. Qf7+ Kb6 52. Qe6+ Kb7 53. Qe7+ Kb6 54. Nf5 Qd1+ 55. Qe2 Qd5+ 56. Kf4 Ka7 57. g4 Qh1 58. h6 Kb8 59. g5 1-0

[Event "Chigorin Memorial 2018"]
[Site "St. Petersburg"]
[Date "2018.10.31"]
[Round "5.59"]
[White "Ibadov, Dashgyn"]
[Black "Mustafayev, Farid"]
[Result "1-0"]
[WhiteElo "2270"]
[BlackElo "2109"]
[PlyCount "119"]
[EventDate "2018.10.27"]
[EventType "swiss"]
[EventCountry "RUS"]
[WhiteTeam "Russland"]
[BlackTeam "Aserbeidschan"]
[WhiteTeamCountry "RUS"]
[BlackTeamCountry "AZE"]

1. e4 c6 2. d4 d5 3. Nc3 dxe4 4. Nxe4 Nf6 5. Nxf6+ exf6 6. c3 Bd6 7. Bd3 O-O 8. Qc2 h6 9. Ne2 Qc7 10. h3 Re8 11. O-O Nd7 12. Bd2 Nf8 13. Rae1 Be6 14. c4 Qd7 15. f4 f5 16. Nc3 Bb4 17. Be3 Bxc3 18. Qxc3 Nh7 19. Bf2 Qd6 20. Re5 Nf8 21. Rfe1 Ng6 22. R5e3 Red8 23. Rf3 b5 24. b3 a5 25. g3 Qd7 26. Bf1 bxc4 27. bxc4 Qd6 28. Rd3 Qb4 29. Qxb4 axb4 30. Rd2 Nf8 31. Rb1 Ra4 32. Rdb2 Nh7 33. Rxb4 Rxa2 34. Rb8 Ra8 35. Rxa8 Rxa8 36. Rb6 Rc8 37. d5 cxd5 38. c5 Nf6 39. Ba6 Rc7 40. c6 Ne4 41. Bd4 f6 42. Rb8+ Kh7 43. Bb7 Nxg3 44. Bb6 Rf7 45. c7 Ne2+ 46. Kf2 Nxf4 47. Bc8 Rd7 48. Bxd7 Bxd7 49. Rd8 Be6 50. c8=Q Bxc8 51. Rxc8 Nxh3+ 52. Kg3 Ng5 53. Rd8 f4+ 54. Kg2 Kg6 55. Rxd5 h5 56. Bf2 Kh6 57. Rd4 f3+ 58. Kg3 Kg6 59. Be3 Ne6 60. Rd6 1-0

[Event "Chigorin Memorial 2018"]
[Site "St. Petersburg"]
[Date "2018.10.31"]
[Round "5.60"]
[White "Andreev, Konstantin"]
[Black "Nazarova, Anastasia"]
[Result "1-0"]
[WhiteElo "2265"]
[BlackElo "2055"]
[PlyCount "113"]
[EventDate "2018.10.27"]
[EventType "swiss"]
[EventCountry "RUS"]
[WhiteTeam "Russland"]
[BlackTeam "Finnland"]
[WhiteTeamCountry "RUS"]
[BlackTeamCountry "FIN"]

1. c4 e6 2. e4 d5 3. exd5 exd5 4. d4 Nc6 5. Nc3 Bb4 6. cxd5 Qxd5 7. a3 Bxc3+ 8. bxc3 Nf6 9. Nf3 O-O 10. Be2 Ne4 11. c4 Qa5+ 12. Bd2 Nxd2 13. Qxd2 Qxd2+ 14. Kxd2 Bg4 15. Rab1 b6 16. h3 Bh5 17. Kc3 Rad8 18. Ne5 Nxe5 19. Bxh5 Nc6 20. Rbd1 Rd6 21. Rd2 Rfd8 22. Rhd1 Kf8 23. Bf3 Ne7 24. Rd3 Nf5 25. Be4 Ne7 26. g3 Re6 27. Bf3 Rf6 28. R1d2 Nf5 29. Bg2 Re8 30. h4 Nd6 31. c5 Ne4+ 32. Bxe4 Rxe4 33. Kc4 bxc5 34. Kxc5 Re1 35. Rc3 Ke7 36. a4 Kd7 37. d5 Re4 38. Rc4 Rxc4+ 39. Kxc4 Ra6 40. Kb5 Rb6+ 41. Kc5 Ra6 42. Rd4 Rf6 43. Rf4 Rxf4 44. gxf4 a6 45. f5 g6 46. f6 h6 47. f4 Kd8 48. Kc6 Kc8 49. a5 Kd8 50. Kb7 Kd7 51. Kxa6 Kc8 52. Kb5 Kb7 53. Kc5 h5 54. Kb5 Kc8 55. Kc6 Kb8 56. a6 Ka7 57. Kxc7 1-0

[Event "Chigorin Memorial 2018"]
[Site "St. Petersburg"]
[Date "2018.10.31"]
[Round "5.61"]
[White "Shidlovskiy, Artemiy"]
[Black "Semenova, Elena"]
[Result "1/2-1/2"]
[WhiteElo "2073"]
[BlackElo "2263"]
[PlyCount "85"]
[EventDate "2018.10.27"]
[EventType "swiss"]
[EventCountry "RUS"]
[WhiteTeam "Russland"]
[BlackTeam "Russland"]
[WhiteTeamCountry "RUS"]
[BlackTeamCountry "RUS"]

1. d4 d5 2. c4 dxc4 3. e3 Nf6 4. Bxc4 e6 5. Nf3 c5 6. O-O cxd4 7. exd4 Be7 8. Nc3 O-O 9. Qe2 a6 10. Rd1 b5 11. Bb3 Bb7 12. a3 Nd5 13. Be3 Nxc3 14. bxc3 Bd5 15. c4 bxc4 16. Bxc4 Nd7 17. Bxd5 exd5 18. Ne5 Bd6 19. Qf3 Nxe5 20. dxe5 Bxe5 21. Rxd5 Bxa1 22. Rxd8 Raxd8 23. g3 Rfe8 24. Qb7 Rd6 25. a4 h5 26. a5 g6 27. Bb6 Bd4 28. Bxd4 Re1+ 29. Kg2 Rxd4 30. Qxa6 Ra1 31. Qc8+ Kh7 32. Qc7 Rda4 33. Qxf7+ Kh6 34. Qg8 g5 35. Qe6+ Kg7 36. Qe7+ Kg6 37. Qe6+ Kg7 38. f4 R1a2+ 39. Kh3 gxf4 40. Qe7+ Kg6 41. Qe6+ Kg7 42. Qe7+ Kg6 43. Qe6+ 1/2-1/2

[Event "Chigorin Memorial 2018"]
[Site "St. Petersburg"]
[Date "2018.10.31"]
[Round "5.62"]
[White "Danielyan, Vahe"]
[Black "Kiseleva, Arina"]
[Result "0-1"]
[WhiteElo "2256"]
[BlackElo "2027"]
[PlyCount "154"]
[EventDate "2018.10.27"]
[EventType "swiss"]
[EventCountry "RUS"]
[WhiteTeam "Armenien"]
[BlackTeam "Russland"]
[WhiteTeamCountry "ARM"]
[BlackTeamCountry "RUS"]

1. e4 c6 2. Nc3 d5 3. Nf3 d4 4. Ne2 c5 5. Ng3 Nc6 6. Bb5 Bd7 7. O-O g6 8. c3 Bg7 9. Re1 e5 10. cxd4 cxd4 11. Bc4 h6 12. h4 Nge7 13. h5 g5 14. a3 Qc8 15. d3 Be6 16. Qb3 Nd8 17. Bxe6 Qxe6 18. Qc2 Rc8 19. Qa4+ Qc6 20. Qxc6+ Rxc6 21. Bd2 Rc2 22. Bb4 Ndc6 23. b3 Kd7 24. Bxe7 Nxe7 25. b4 Rhc8 26. Kf1 R8c3 27. Red1 Rb3 28. Ne1 Rc6 29. Rdb1 Rxb1 30. Rxb1 b5 31. Ke2 Bf8 32. Kd2 Rf6 33. f3 Ra6 34. Nc2 Ra4 35. Rb3 f6 36. Kc1 Kc7 37. Rb1 Nc6 38. Nf5 Ne7 39. Ng3 Nc6 40. Kb2 a5 41. bxa5 Rxa5 42. Rc1 Kb7 43. Nf5 Ra4 44. g3 Kb6 45. Rb1 Kc7 46. Kc1 Kb6 47. Kd2 Kc5 48. Rg1 Ne7 49. Rc1 Nxf5 50. Ne3+ Kd6 51. Nxf5+ Kd7 52. Rb1 Kc6 53. Rb3 Kb6 54. Ke2 Ra7 55. f4 Ka5 56. fxg5 fxg5 57. Rb1 Rc7 58. Kd2 Ka4 59. g4 Rc3 60. Ra1 Rxa3 61. Rc1 Rc3 62. Ra1+ Ra3 63. Rc1 Rc3 64. Rf1 Rc8 65. Ra1+ Kb3 66. Rb1+ Ka4 67. Ra1+ Kb3 68. Ra6 b4 69. Nxh6 Rc2+ 70. Ke1 Bxh6 71. Rxh6 Rg2 72. Re6 Kc3 73. h6 b3 74. h7 b2 75. Rc6+ Kxd3 76. Rb6 Rh2 77. Rxb2 Rxh7 0-1

[Event "Chigorin Memorial 2018"]
[Site "St. Petersburg"]
[Date "2018.10.31"]
[Round "5.63"]
[White "Shkuratov, Vladimir"]
[Black "Duzhakov, Ilya"]
[Result "0-1"]
[WhiteElo "1833"]
[BlackElo "2414"]
[Annotator "RC"]
[PlyCount "92"]
[EventDate "2018.10.27"]
[EventType "swiss"]
[EventCountry "RUS"]
[WhiteTeam "Russland"]
[BlackTeam "Russland"]
[WhiteTeamCountry "RUS"]
[BlackTeamCountry "RUS"]

1. e4 e6 2. d4 d5 3. Nc3 Bb4 4. e5 Ne7 5. a3 Bxc3+ 6. bxc3 c5 7. Nf3 h6 8. Bd3 b6 9. O-O Ba6 10. a4 O-O 11. Ba3 Qc8 12. Qd2 Nd7 13. g3 Re8 14. h4 Nc6 15. Kh2 Na5 16. Rg1 Bxd3 17. Qxd3 cxd4 18. cxd4 Qc4 19. Qxc4 Nxc4 20. g4 Rac8 21. c3 f6 22. exf6 Nxf6 23. g5 hxg5 24. Nxg5 e5 25. Bc1 e4 26. Bf4 Nh5 27. Bc1 Na5 28. Ra3 Rf8 29. Be3 Rc6 30. Rg2 Nf4 31. Bxf4 Rxf4 32. Kg3 Rf8 33. Rg1 Nc4 34. Ra2 Nd6 35. Ra3 Nf5+ 36. Kg4 Nh6+ 37. Kg3 Rfc8 38. Rc1 Nf5+ 39. Kg4 Nxd4 40. Rd1 Nc2 41. Rb3 e3 42. Nf3 exf2 43. Kg3 Ne3 44. Rbb1 Nxd1 45. Rxd1 Rxc3 46. Kxf2 Rf8 0-1

[Event "Chigorin Memorial 2018"]
[Site "St. Petersburg"]
[Date "2018.10.31"]
[Round "5.64"]
[White "Zontakh, Andrey"]
[Black "Kharlamov, Igor"]
[Result "1-0"]
[WhiteElo "2507"]
[BlackElo "2063"]
[Annotator "TA"]
[PlyCount "121"]
[EventDate "2018.10.27"]
[EventType "swiss"]
[EventCountry "RUS"]
[WhiteTeam "Ukraine"]
[BlackTeam "Israel"]
[WhiteTeamCountry "UKR"]
[BlackTeamCountry "ISR"]

1. e4 c5 2. Nf3 d6 3. d4 cxd4 4. Nxd4 Nf6 5. Nc3 a6 6. Be2 e6 7. Be3 Be7 8. g4 O-O 9. g5 Nfd7 10. h4 Nc5 11. Qd2 b5 12. a3 Bb7 13. f3 Nc6 14. Nxc6 Bxc6 15. h5 d5 16. exd5 exd5 17. O-O-O Ne6 18. Nxd5 Bxd5 19. Qxd5 Bxg5 20. Bxg5 Qxg5+ 21. Qxg5 Nxg5 22. f4 Ne4 23. Bf3 Nf2 24. Bxa8 Rxa8 25. Rhf1 Nxd1 26. Rxd1 Kf8 27. Rd6 Ke7 28. Rb6 Kd7 29. Rb7+ Ke6 30. Kd2 Rd8+ 31. Ke3 Rd5 32. Rb6+ Rd6 33. Rb7 Rd5 34. Ke4 Rd6 35. Rc7 h6 36. b3 g6 37. c4 bxc4 38. bxc4 Rd1 39. hxg6 fxg6 40. Rc6+ Rd6 41. Rc5 h5 42. Rg5 Kf6 43. c5 Rd1 44. c6 Rc1 45. Kd5 h4 46. Rg4 h3 47. Rh4 Rc3 48. Kd6 Rxa3 49. c7 Rd3+ 50. Kc6 Rc3+ 51. Kb7 Kf5 52. c8=Q+ Rxc8 53. Kxc8 h2 54. Kd7 a5 55. Kd6 a4 56. Kd5 h1=Q+ 57. Rxh1 Kxf4 58. Rf1+ Ke3 59. Rg1 Kd3 60. Rg3+ Kc2 61. Ra3 1-0

[Event "Chigorin Memorial 2018"]
[Site "St. Petersburg"]
[Date "2018.10.31"]
[Round "5.65"]
[White "Rohith Krishna S"]
[Black "Ofitserian, Armen"]
[Result "1-0"]
[WhiteElo "2403"]
[BlackElo "2055"]
[PlyCount "83"]
[EventDate "2018.10.27"]
[EventType "swiss"]
[EventCountry "RUS"]
[WhiteTeam "Indien"]
[BlackTeam "Russland"]
[WhiteTeamCountry "IND"]
[BlackTeamCountry "RUS"]

1. d4 Nf6 2. Nf3 b6 3. g3 Bb7 4. Bg2 e6 5. O-O d6 6. b3 g6 7. Bb2 Bg7 8. c4 O-O 9. Nc3 Ne4 10. Qc2 Nxc3 11. Bxc3 Nd7 12. Rfe1 Qe7 13. e4 e5 14. Rad1 a5 15. Qb2 Rad8 16. a3 Ba6 17. Qa2 c5 18. dxe5 dxe5 19. Qb2 f6 20. Nd2 Nb8 21. b4 axb4 22. axb4 Bh6 23. b5 Bc8 24. Nb1 Bg4 25. Rd5 Be6 26. Na3 Nd7 27. Red1 Ra8 28. Qb3 Ra7 29. Bb2 Rfa8 30. Rd6 Qf7 31. Qc3 Bf8 32. R6d3 Be7 33. f4 Bf8 34. h3 Ra4 35. f5 gxf5 36. exf5 Bxf5 37. Bd5 Be6 38. Bxe6 Qxe6 39. Rxd7 Qxh3 40. Qf3 R4a7 41. R7d3 Rg7 42. Qxa8 1-0

[Event "Chigorin Memorial 2018"]
[Site "St. Petersburg"]
[Date "2018.10.31"]
[Round "5.67"]
[White "Efremov, Vladislav"]
[Black "Kukhmazov, Arsen"]
[Result "0-1"]
[WhiteElo "2035"]
[BlackElo "2395"]
[PlyCount "116"]
[EventDate "2018.10.27"]
[EventType "swiss"]
[EventCountry "RUS"]
[WhiteTeam "Russland"]
[BlackTeam "Russland"]
[WhiteTeamCountry "RUS"]
[BlackTeamCountry "RUS"]

1. d4 Nf6 2. c4 e6 3. Nf3 b6 4. g3 Bb7 5. Bg2 Be7 6. O-O O-O 7. Nc3 Ne4 8. Bd2 f5 9. Rc1 Bf6 10. Qc2 Nxc3 11. Bxc3 Be4 12. Qd2 Qe7 13. Ne1 Bxg2 14. Nxg2 Qf7 15. Rce1 Nc6 16. b4 Ne7 17. f3 d5 18. e4 dxe4 19. fxe4 fxe4 20. Rf4 Rad8 21. Qb2 Nf5 22. Rfxe4 Nd6 23. Rxe6 Nxc4 24. Qe2 Nd6 25. g4 Rfe8 26. a4 c5 27. bxc5 bxc5 28. g5 Rxe6 29. Qxe6 Bxd4+ 30. Bxd4 cxd4 31. Qxf7+ Kxf7 32. Nf4 Nf5 33. Kf2 Rc8 34. Rb1 Rc7 35. a5 Ke8 36. Rb5 Nd6 37. Re5+ Kd7 38. Rd5 Rc5 39. Rxd4 Rxg5 40. a6 Kc6 41. Nd3 Nb5 42. Re4 Kb6 43. Re6+ Ka5 44. Nb2 Rc5 45. Kg3 Nd4 46. Re4 Nc6 47. Ra4+ Kb5 48. Ra1 Rc3+ 49. Kh4 Rc2 50. Nd3 Rxh2+ 51. Kg3 Rd2 52. Nf4 g6 53. Rh1 Rd7 54. Ne6 h5 55. Kf4 Rd6 56. Nc7+ Kb6 57. Na8+ Kxa6 58. Kg5 Kb7 0-1

[Event "Chigorin Memorial 2018"]
[Site "St. Petersburg"]
[Date "2018.10.31"]
[Round "5.68"]
[White "Naboka, Sergey"]
[Black "Gkogkas, Dimitrios"]
[Result "1-0"]
[WhiteElo "2345"]
[BlackElo "2047"]
[PlyCount "97"]
[EventDate "2018.10.27"]
[EventType "swiss"]
[EventCountry "RUS"]
[WhiteTeam "Ukraine"]
[BlackTeam "Griechenland"]
[WhiteTeamCountry "UKR"]
[BlackTeamCountry "GRE"]

1. e4 c5 2. Nf3 g6 3. d4 cxd4 4. Qxd4 Nf6 5. Bb5 a6 6. e5 axb5 7. exf6 Nc6 8. Qe3 Nb4 9. Qb3 e6 10. Nc3 d5 11. O-O Bd7 12. Bf4 Qa5 13. Ne5 Bc6 14. a4 Bc5 15. Ra3 bxa4 16. Nxc6 axb3 17. Rxa5 Rxa5 18. Nxa5 bxc2 19. Nb3 b6 20. Ra1 O-O 21. Nc1 h5 22. Kf1 Rd8 23. Bd2 e5 24. Ra4 e4 25. Ke2 Re8 26. Nb5 Nc6 27. b4 Nd4+ 28. Nxd4 Bxd4 29. Ra6 Re6 30. Be3 Bxe3 31. fxe3 Rxf6 32. b5 Rd6 33. Ra4 Kg7 34. Kd2 g5 35. Kxc2 Rf6 36. Rd4 Rf2+ 37. Rd2 Rxd2+ 38. Kxd2 Kf6 39. Ne2 Ke5 40. Kc3 h4 41. Ng1 f5 42. g3 hxg3 43. hxg3 f4 44. gxf4+ gxf4 45. exf4+ Kxf4 46. Kd4 e3 47. Kxd5 Kg3 48. Kd4 Kf2 49. Kd3 1-0

[Event "Chigorin Memorial 2018"]
[Site "St. Petersburg"]
[Date "2018.10.31"]
[Round "5.69"]
[White "Baltabaev, Temirlan"]
[Black "Petrochenko, Maria"]
[Result "1/2-1/2"]
[WhiteElo "2332"]
[BlackElo "2054"]
[PlyCount "72"]
[EventDate "2018.10.27"]
[EventType "swiss"]
[EventCountry "RUS"]
[WhiteTeam "Russland"]
[BlackTeam "Russland"]
[WhiteTeamCountry "RUS"]
[BlackTeamCountry "RUS"]

1. d4 d5 2. c4 c6 3. Nf3 Nf6 4. g3 dxc4 5. Bg2 b5 6. O-O e6 7. a4 Bb7 8. Ne5 a6 9. Nc3 Qc8 10. e4 Nbd7 11. f4 Be7 12. f5 exf5 13. Rxf5 O-O 14. Bg5 Nxe5 15. dxe5 Bc5+ 16. Kh1 Nd7 17. Qh5 Qe8 18. Bf6 Kh8 19. Qh4 Rg8 20. Rh5 Nf8 21. Rf1 gxf6 22. exf6 Bd4 23. e5 Bxc3 24. Be4 Rg6 25. bxc3 Qd7 26. Bxg6 fxg6 27. f7 c5+ 28. Kg1 Qc6 29. Rxh7+ Nxh7 30. f8=Q+ Rxf8 31. Rxf8+ Kg7 32. Qe7+ Kh6 33. Qh4+ Kg7 34. Qe7+ Kh6 35. Qh4+ Kg7 36. Qe7+ Kh6 1/2-1/2

[Event "Chigorin Memorial 2018"]
[Site "St. Petersburg"]
[Date "2018.10.31"]
[Round "5.70"]
[White "Fraiman, Dmitry"]
[Black "Myshkovskiy, Sviatoslav"]
[Result "1/2-1/2"]
[WhiteElo "2323"]
[BlackElo "2046"]
[PlyCount "120"]
[EventDate "2018.10.27"]
[EventType "swiss"]
[EventCountry "RUS"]
[WhiteTeam "Russland"]
[BlackTeam "Russland"]
[WhiteTeamCountry "RUS"]
[BlackTeamCountry "RUS"]

1. Nc3 Nf6 2. e4 e5 3. f4 d5 4. fxe5 Nxe4 5. d3 Nxc3 6. bxc3 Be7 7. Nf3 O-O 8. d4 c5 9. Be2 Nc6 10. O-O c4 11. Bf4 Be6 12. Qd2 f6 13. Rab1 fxe5 14. Nxe5 Nxe5 15. Bxe5 Rxf1+ 16. Rxf1 Bd6 17. Qf4 Bxe5 18. dxe5 Qe7 19. Qd4 b6 20. Bf3 Rd8 21. h3 h6 22. Rd1 Kh8 23. Kh2 Qg5 24. a4 Qf5 25. Rd2 Rd7 26. Qe3 Qf8 27. Rd4 Kh7 28. Qd2 Qf5 29. Qe2 Kh8 30. Kh1 Qg5 31. Kh2 Kh7 32. Qe1 Kh8 33. Qg3 Qxg3+ 34. Kxg3 Kg8 35. Kf4 Kf8 36. Ke3 Ke7 37. Rd1 Kd8 38. Kd4 Ke7 39. Ra1 Bf5 40. Ra2 Ke6 41. Rb2 Be4 42. Bg4+ Bf5 43. Bf3 Be4 44. Bg4+ Bf5 45. Bxf5+ Kxf5 46. Rb5 Ke6 47. a5 Rf7 48. g3 Rf1 49. axb6 Rd1+ 50. Ke3 axb6 51. Rxb6+ Kxe5 52. Rg6 Rh1 53. Rxg7 Rxh3 54. Rg8 Rh2 55. Re8+ Kd6 56. Rd8+ Ke6 57. Re8+ Kd7 58. Rh8 Rxc2 59. Kd4 Rd2+ 60. Kc5 Rd3 1/2-1/2